Statistics for Gilded Lily - Cults - All Lyrics

Click here to take the quiz!

General Stats

  • This quiz has been taken 15 times
  • The average score is 213 of 265

Answer Stats

Answer% Correct
A
100%
a
100%
Always
100%
fool
100%
I
100%
know
100%
me
100%
the
100%
with
100%
you
100%
be
92%
enough,
92%
enough
92%
enough?
92%
Every
92%
given
92%
Haven't
92%
Haven’t
92%
heart
92%
it
92%
it,
92%
lie
92%
an
83%
Go
83%
in
83%
it's
83%
see
83%
take
83%
to
83%
was
83%
and
75%
been
75%
day
75%
how
75%
live
75%
long
75%
my
75%
not
75%
Now
75%
supposed
75%
way?
75%
you'll
75%
But
67%
double
67%
I’ve
67%
just
67%
slowest
67%
vision,
67%
We’ll
67%
when
67%
about
58%
arms
58%
around
58%
between
58%
decision
58%
doubt
58%
everyday
58%
graveyard
58%
out
58%
remember
58%
spaces
58%
started
58%
talk
58%
wrap
58%
as
50%
city's
50%
for
50%
got
50%
head
50%
I'll
50%
night
50%
they
50%
told
50%
Turn
50%
walls
50%
into
42%
need
42%
sleeping
42%
stretch
42%
turns
42%
alarms
33%
all
33%
backyard
33%
I'm
33%
off
33%
paid
33%
Passing
33%
service
33%
bought
25%

Score Distribution

Percentile by Number Answered

Percent of People with Each Score

Your Score History

You have not taken this quiz